| 000 | 00872nam a2200265Ia 4500 | ||
|---|---|---|---|
| 003 | OSt | ||
| 005 | 20220927103618.0 | ||
| 006 | a|||||r|||| 00| 0 | ||
| 007 | ta | ||
| 008 | 220926b |||||||| |||| 00| 0 eng d | ||
| 024 | _a71716 | ||
| 037 | _cReference Collections | ||
| 040 |
_aRTL _cRTL _beng |
||
| 041 |
_2eng _aeng |
||
| 082 | _a"X755:(Z, 3), H9.92-2/UN" | ||
| 110 |
_aInternational Bank. fro Reconstruction and Development etc (USA) _9360483 |
||
| 245 | 0 |
_aAdministration and financing agreement _b Naflagas pipeline Project. |
|
| 260 |
_aNew _bYork I B R D USA _c1973 |
||
| 300 |
_a8p. _ccm. |
||
| 500 | _aLoan No 916 YU | ||
| 650 |
_aForeign Loan _9360484 |
||
| 700 |
_aInternational Bank. fro Reconstruction and Development etc (USA) _9360485 |
||
| 942 |
_h"X755:(Z, 3), H9.92-2/UN" _cCC |
||
| 999 |
_c684287 _d684287 |
||